A survey of world missions / (Record no. 8744)
[ view plain ]
| 000 -LEADER | |
|---|---|
| fixed length control field | 01559nam a22002297a 4500 |
| 003 - CONTROL NUMBER IDENTIFIER | |
| control field | GBCCL |
| 005 - DATE AND TIME OF LATEST TRANSACTION | |
| control field | 20241126110657.0 |
| 008 - FIXED-LENGTH DATA ELEMENTS--GENERAL INFORMATION | |
| fixed length control field | 210927b ||||| |||| 00| 0 eng d |
| 020 ## - INTERNATIONAL STANDARD BOOK NUMBER | |
| International Standard Book Number | 9781462770441 |
| 020 ## - INTERNATIONAL STANDARD BOOK NUMBER | |
| International Standard Book Number | 1462770444 |
| 040 ## - CATALOGING SOURCE | |
| Transcribing agency | GBC |
| 082 ## - DEWEY DECIMAL CLASSIFICATION NUMBER | |
| Classification number | 266 |
| Item number | HAD |
| 100 ## - MAIN ENTRY--PERSONAL NAME | |
| Personal name | Hadaway, Robin Dale |
| 9 (RLIN) | 15422 |
| 245 ## - TITLE STATEMENT | |
| Title | A survey of world missions / |
| Statement of responsibility, etc. | Robin Dale Hadaway. |
| 260 ## - PUBLICATION, DISTRIBUTION, ETC. | |
| Place of publication, distribution, etc. | Nashville, Tennessee : |
| Name of publisher, distributor, etc. | B and H Publishing Group, |
| Date of publication, distribution, etc. | [2020] ©2020 |
| 300 ## - PHYSICAL DESCRIPTION | |
| Extent | xiii, 338 pages |
| 505 ## - FORMATTED CONTENTS NOTE | |
| Formatted contents note | Reflecting thorough scholarship and decades of ministry experience, Robin Hadaway’s A Survey of World Missions examines the biblical, theological, and historical foundations of missions, as well as issues of culture and worldview, contextualization, philosophy, and mission strategy. The book is designed to assist pastors, students, missionaries, and theologians in developing sound theory and praxis for both the international and North American mission field. Through his use of field illustrations and key questions, Hadaway achieves a conversational tone, making this textbook ideal for use in both academic and lay settings. |
| 505 ## - FORMATTED CONTENTS NOTE | |
| Formatted contents note | The Biblical basis of missions --<br/>The theological foundation of missions --<br/>The historical foundation of missions --<br/>World religions --<br/>Culture and worldview --<br/>Contextualization --<br/>Philosophy of missions --<br/>Missions strategy and methods --<br/>The missionary --<br/>Conclusion: The future of twenty-first-century missions. |
| 650 ## - SUBJECT ADDED ENTRY--TOPICAL TERM | |
| Topical term or geographic name entry element | Missions. |
| 9 (RLIN) | 885 |
| 650 ## - SUBJECT ADDED ENTRY--TOPICAL TERM | |
| Topical term or geographic name entry element | Home missions. |
| 9 (RLIN) | 10049 |
| 942 ## - ADDED ENTRY ELEMENTS (KOHA) | |
| Source of classification or shelving scheme | Dewey Decimal Classification |
| Koha item type | Books |
| Koha issues (borrowed), all copies | 7 |
| Withdrawn status | Lost status | Source of classification or shelving scheme | Damaged status | Not for loan | Home library | Current Library | Shelving location | Date acquired | Total checkouts | Total renewals | Full call number | Barcode | Date last seen | Date last checked out | Copy number | Price effective from | Koha item type |
|---|---|---|---|---|---|---|---|---|---|---|---|---|---|---|---|---|---|
| Dewey Decimal Classification | GRACE BIBLE COLLEGE | GRACE BIBLE COLLEGE | Ministry & Mission | 2021-09-27 | 11 | 1 | 266 HAD | 015099 | 2026-02-09 | 2026-02-03 | c.1 | 2021-09-27 | Books |